Partie polityczne w Polsce - Statystyki

Ogólne statystyki
  • Ten quiz został rozwiązany 489 razy
  • Średni wynik to 8 z 15
Statystyki odpowiedzi
Hint Odpowiedź % Poprawnych
PiS Prawo i Sprawiedliwość
99%
KO Koalicja Obywatelska
95%
PSL Polskie Stronnictwo Ludowe
85%
SLD Sojusz Lewicy Demokratycznej
74%
. N Nowoczesna
63%
RN Ruch Narodowy
50%
PPS Polska Partia Socjalistyczna
49%
SP Solidarna Polska
46%
Zi Zieloni
46%
Koalicja Odnowy KORWiN
38%
Wi Wiosna
37%
UED Unia Europejskich Demokratów
32%
Po Porozumienie
25%
iPL Inicjatywa Polska
22%
Konfederacja Konfederacja Wolności i Niepodległości
4%
Nie znaleziono quizów pasujących do podanych kryteriów
Rozkład punktacji
Procent ludzi z każdym wynikiem
Percentyl według liczby udzielonych odpowiedzi
Twoja historia wyników
Nie rozwiązałeś tego quizu